| 000 | 00893nam a22001337a 4500 | ||
|---|---|---|---|
| 040 | _cRUA | ||
| 082 | _aVEM HUN 2014 B440 Or.1 | ||
| 100 | _aHUN SOKHENG ; ហ៊ុន សុខហេង | ||
| 245 | _aSurvey on diarrhea of during breast feeding piglet at oun sinat's farm, doeumtrang village, ornlongromiet commune, kandal steong district, kandal province, អង្កេតលើជំងឹរាកកូនជ្រូក ក្នុងកំឡុងពេលបៅដោះ នៅកសិដ្ឋាន អូន ស៊ីណាត ភូមិដើមត្រំាង ឃុំុអន្លង់រមៀត ស្រុកកណ្ដាលស្ទឹង ខេត្តកណ្ដាល | ||
| 260 |
_aPhnom Penh _bRUA _c2014 |
||
| 300 |
_ax ;37p. _bill. _c29cm. |
||
| 856 | _uhttps://drive.google.com/file/d/1cTlAZTcUK5OvqrrsOY1WVdKx0aj9jE_t/view?usp=sharing | ||
| 942 | _cVEM | ||
| 999 |
_c7190 _d7190 |
||